[Event "2007 Huntingdale Masters"]
[Site "Huntingdale Chess Club"]
[Date "2007.05.11"]
[Round "1"]
[White "Lakner, J"]
[Black "Viswanath, G"]
[Result "1-0"]
[WhiteElo "2086"]
[BlackElo "1822"]

 1.c4 Nf6 2.Nc3 g6 3.g3 Bg7 4.Bg2 d6 5.d4 O-O 6.Nf3 Nbd7 7.e4 e5 8.O-O a6 
9.h3 Re8 10.d5 Nc5 11.Ne1 b5 12.b4 Ncd7 13.a4 bxc4 14.Nc2 a5 15.Qe2 Nb6 
16.Ba3 Bd7 17.bxa5 Nxa4 18.Bb4 Nxc3 19.Bxc3 Bb5 20.Rfb1 Qd7 21.g4 c6 
22.dxc6 Bxc6 23.Qxc4 Bxe4 24.Bxe4 d5 25.Bxd5 Qxd5 26.Qxd5 Nxd5 27.Bd2 Rec8 
28.Nb4 Rc5 29.Nxd5 Rxd5 30.Ra2 Bf8 31.Rb7 Bc5 32.Bh6 Bf8 33.Bxf8 Kxf8 
34.a6 Ke8 35.a7 Rd7 36.Rb8+ Rd8 37.Rxa8 Rxa8 38.g5 Kd7 39.Kg2 Ke6 
40.Kf3 Kf5 41.h4 f6 42.gxf6 Kxf6 43.Ke4 Kg7 44.Kxe5 Kh6 45.Kf4 Kh5 
46.Kg3 Kh6 47.Ra5 Kg7 48.Kg4 h6 49.Ra6 Kf7 50.h5 gxh5+ 51.Kxh5 Kg7 52.f4 1-0

[Event "2007 Huntingdale Masters"]
[Site "Huntingdale Chess Club"]
[Date "2007.05.11"]
[Round "1"]
[White "Kurniawan, S"]
[Black "Horstmann, M"]
[Result "0-1"]
[WhiteElo "2133"]
[BlackElo "2192"]

1.Nf3 d6 2.b3 e5 3.d3 Nc6 4.Bb2 f5 5.Nbd2 Nf6 6.e3 Be7 7.Be2 O-O 8.O-O h6 
9.c4 Qe8 10.a3 a5 11.Qc2 g5 12.c5 g4 13.cxd6 cxd6 14.Ne1 Be6 15.Rc1 Rc8 
16.Qb1 Qf7 17.Nc4 b5 18.Nd2 Na7 19.Bd1 Nd5 20.e4 fxe4 21.Nxe4 Ne3 
22.Rxc8 Nxc8 23.Qc1 Nxf1 24.Qxh6 Bf5 25.f3 gxf3 26.Nxf3 Qh7 27.Qxh7+ Bxh7 
28.Kxf1 d5 29.Nf2 e4 30.Ng4 Bg6 31.dxe4 dxe4 32.Bc2 Bh5 33.Nh6+ Kh7 
34.Bc1 Bg6 35.Ng4 exf3 36.Bxg6+ Kxg6 37.Ne5+ Kf5 38.Nxf3 Ke4 39.Ke2 Nb6 
40.h4 Nd5 41.Nd2+ Kf5 42.g3 Kg4 43.Ne4 Rc8 0-1

[Event "2007 Huntingdale Masters"]
[Site "Huntingdale Chess Club"]
[Date "2007.05.11"]
[Round "1"]
[White "Donaldson, T"]
[Black "Roza, P"]
[Result "1-0"]
[WhiteElo "1909"]
[BlackElo "1894"]

1.d4 f5 2.c4 Nf6 3.Nc3 d6 4.Bg5 Nbd7 5.Nf3 g6 6.e3 Bg7 7.Be2 O-O 8.Qc2 c6 
9.h4 Qe8 10.O-O-O e5 11.d5 Ne4 12.dxc6 bxc6 13.c5 d5 14.h5 Nxf2 15.hxg6 Qxg6 
16.Be7 Rf7 17.Bd6 Nxh1 18.Rxh1 d4 19.Bc4 dxc3 20.Rf1 cxb2+ 21.Kb1 Qf6 
22.Bxf7+ Qxf7 23.Ng5 Qg6 24.Qb3+ Kh8 25.Nf7+ Kg8 26.Nh6+ 1-0

[Event "2007 Huntingdale Masters"]
[Site "Huntingdale Chess Club"]
[Date "2007.05.11"]
[Round "1"]
[White "Boyd, T"]
[Black "Galvin, R"]
[Result "1-0"]
[WhiteElo "2242"]
[BlackElo "1831"]

1.e4 c6 2.d4 d5 3.Nc3 dxe4 4.Nxe4 Bf5 5.Ng3 Bg6 6.Bc4 e6 7.N1e2 h6 8.O-O Nd7 
9.Nf4 Bh7 10.Re1 Qa5 11.Bd2 Qb6 12.Bxe6 fxe6 13.Qh5+ g6 14.Nxg6 Bxg6 15.Qxg6+ Kd8 
16.Rxe6 Ne7 17.Qf7 1-0

[Event "2007 Huntingdale Masters"]
[Site "Huntingdale Chess Club"]
[Date "2007.05.11"]
[Round "1"]
[White "Fedec, J"]
[Black "Hare, T"]
[Result "0-1"]
[WhiteElo "1847"]
[BlackElo "2039"]
 
1.e4 g6 2.d4 Bg7 3.Nc3 d6 4.Be3 c6 5.Qd2 b5 6.f4 Nf6 7.Bd3 Ng4 8.Nf3 Nxe3 
9.Qxe3 Na6 10.a3 Nc7 11.O-O O-O 12.Rae1 a5 13.Nd1 Bg4 14.Ng5 h6 15.Nf2 hxg5 
16.Nxg4 Ne6 17.c3 Nxf4 18.Bb1 Qd7 19.h3 e5 20.dxe5 Bxe5 21.Ba2 Qa7 
22.Qxa7 Rxa7 23.Nxe5 dxe5 24.Rd1 b4 25.g3 Nxh3+ 26.Kg2 g4 27.Rf6 Kg7 
28.Rxc6 bxa3 29.b3 Ng5 30.Rc4 Raa8 31.Rd5 Rfd8 32.Ra4 Nxe4 0-1

[Event "2007 Huntingdale Masters"]
[Site "Huntingdale Chess Club"]
[Date "2007.05.18"]
[Round "2"]
[White "Viswanath, G"]
[Black "Hare, T"]
[Result "1-0"]
[WhiteElo "1822"]
[BlackElo "2039"]

1.d4 g6 2.c4 Bg7 3.Nc3 d6 4.Nf3 c6 5.Bf4 Bg4 6.e3 Nd7 7.Be2 Ngf6 8.h3 Bxf3 
9.Bxf3 Qb6 10.Rb1 O-O 11.b4 e5 12.c5 Qd8 13.dxe5 dxe5 14.Bg5 h6 15.Bh4 Qe8 
16.Qc2 a5 17.a3 axb4 18.axb4 Ra3 19.O-O Qe6 20.Qc1 Rfa8 21.Rd1 e4 22.Be2 Nd5 
23.Nxd5 cxd5 24.Qd2 d4 25.exd4 Qd5 26.Rbc1 g5 27.Bc4 Qf5 28.Bg3 Nf6 29.d5 e3 
30.Qc2 Ne4 31.Rf1 Rc3 32.Qe2 Nd2 33.fxe3 Nxf1 34.Rxf1 Qe4 35.Bb5 Rxe3 36.Qf2 Qxb4 
37.Qxf7+ Kh8 38.Bf2 Rf8 39.Qxb7 Rb3 40.d6 Qxb5 41.Qxb5 Rxb5 42.d7 Be5 43.c6 Kg8 
44.Bg3 Bd4+ 45.Kh2 Bb6 46.Rxf8+ Kxf8 47.c7 1-0

[Event "2007 Huntingdale Masters"]
[Site "Huntingdale Chess Club"]
[Date "2007.05.18"]
[Round "2"]
[White "Galvin, R"]
[Black "Fedec, J"]
[Result "0-1"]
[WhiteElo "1831"]
[BlackElo "1847"]

1.d4 Nf6 2.c4 e6 3.Nc3 c5 4.d5 exd5 5.cxd5 d6 6.e4 g6 7.Nf3 Bg7 8.h3 O-O 
9.Bd3 Re8 10.O-O c4 11.Bc2 b5 12.Re1 a6 13.a3 Nbd7 14.Bf4 Nb6 15.Qd2 Bb7 
16.Rad1 Qd7 17.Nd4 Rad8 18.Be3 Na8 19.f3 Qc7 20.Na2 Nd7 21.Nb4 Nb8 22.a4 Qd7 
23.axb5 axb5 24.Ra1 Rc8 25.Ra7 Rc7 26.Rea1 Rec8 27.R1a5 c3  28.bxc3 Nb6 
29.Bd3 Nc4 30.Bxc4 Rxc4 31.Rxb5 Rxd4 32.Rbxb7 Rxd2 33.Rxd7 Rd1+ 34.Kf2 Nxd7 
35.Rxd7 Bxc3 36.Nc6 Kg7 37.Rxd6 Ra8 38.Rd7 Ra2+ 39.Kg3 Rd3 40.Bb6 Be1+ 41.Kf4 Rxg2 
42.e5 Rb3 43.Bd8 g5+ 44.Ke4 Re2+ 45.Kd4 Bf2+ 46.Kc4 Rxf3 47.Kb5 Rb2+ 48.Ka6 Ra3+ 
49.Na5 Be1 50.e6 Bxa5 51.Rxf7+ Kg8 52.Bxa5 Rba2 53.d6 Rxa5+ 54.Kb6 Ra6+ 0-1

[Event "2007 Huntingdale Masters"]
[Site "Huntingdale Chess Club"]
[Date "2007.05.18"]
[Round "2"]
[White "Roza, P"]
[Black "Boyd, T"]
[Result "1/2-1/2"]
[WhiteElo "1894"]
[BlackElo "2242"]

1.e4 c5 2.c3 Nf6 3.e5 Nd5 4.d4 cxd4 5.Nf3 Nc6 6.Bc4 e6 7.cxd4 d6 8.Qe2 Be7 
9.O-O O-O 10.Bd2 Qb6 11.Bc3 Bd7 12.Nbd2 dxe5 13.dxe5 Nxc3 14.bxc3 Na5 15.Bd3 Bc6 
16.h4 h6 17.h5 Rfd8 18.Nd4 Rxd4 19.cxd4 Qxd4 20.Rad1 Kf8 21.Rfe1 Ba4 22.Nb3 Nxb3 
23.Bc2 Qb2 24.Bxb3 Qxe2 25.Rxe2 Bc6 26.Bc2 Rc8 27.Bd3 Rd8 28.Bc2 Rc8 29.Bb3 Rb8 
30.Bc2 Rc8 1/2-1/2

[Event "2007 Huntingdale Masters"]
[Site "Huntingdale Chess Club"]
[Date "2007.05.18"]
[Round "2"]
[White "Lakner, J"]
[Black "Kurniawan, S"]
[Result "0-1"]
[WhiteElo "2086"]
[BlackElo "2133"]

1.c4 c6 2.Nc3 d5 3.cxd5 cxd5 4.d4 e6 5.Bf4 a6 6.e3 Nc6 7.Nf3 Nf6 8.Bd3 Be7 
9.Be5 Nxe5 10.dxe5 Nd7 11.Qa4 Kf8 12.Qf4 g5 13.Qg3 h5 14.h4 g4 15.Ng5 Bxg5 
16.hxg5 Qc7 17.f4 gxf3 18.gxf3 Nxe5 19.Ke2 Kg7 20.Rh4 Qb8 21.Qf4 Nd7 22.Qd4+ Qe5 
23.Rah1 Qxd4 24.exd4 f5 25.f4 b5 26.Kd2 Nf8 27.Rxh5 Rxh5 28.Rxh5 Ng6 29.Ke3 Bd7 
30.b4 a5 31.Bxb5 Bxb5 32.Nxb5 axb4 33.Rh2 Ra5 34.a4 bxa3 35.Nc3 Ne7 36.Rc2 Ra8 
37.Kd3 Rh8 38.Rf2 Rh3+ 39.Kc2 Nc6 40.Rd2 Rf3 41.Ne2 Nb4+ 42.Kb1 Rf1+ 43.Nc1 a2+ 
44.Kb2 Rxc1 0-1

[Event "2007 Huntingdale Masters"]
[Site "Huntingdale Chess Club"]
[Date "2007.06.14"]
[Round "2"]
[White "Horstmann, M"]
[Black "Donaldson, T"]
[Result "1/2-1/2"]
[WhiteElo "2192"]
[BlackElo "1909"]

1.d4 f5 2.g3 Nf6 3.Bg2 g6 4.Nh3 d6 5.O-O Bg7 6.c3 O-O 7.Qb3+ d5 8.Nf4 c6 
9.Nd3 Nbd7 10.Nd2 Ne8 11.Nf3 Nd6 12.Bf4 Nf7 13.a4 Re8 14.a5 a6 15.c4 e6 
16.h4 h6 17.Nde5 Ndxe5 18.Bxe5 Nxe5 19.Nxe5 g5 20.hxg5 Bxe5 21.dxe5 hxg5 
22.f4 g4 23.Rfd1 Qe7 24.e3 Kg7 25.Kf2 Rb8 26.Rac1 Bd7 27.cxd5 exd5 28.Qc3 Be6 
29.Qd4 Rbd8 30.b4 Rd7 31.Rh1 Rdd8 32.Qb6 Kg6 33.Rc5 Rd7 34.Rd1 Qd8 35.Qxd8 Rexd8 
36.Rc3 Kf7 37.Rcd3 Kg6 38.Ke2 Rh7 39.R3d2 Rb8 40.Rc1 Kf7 41.Kd3 Ke8 42.Rdd1 Kd7 
43.Rh1 Rbh8 44.Rxh7+ Rxh7 45.Rc2 Kc7 46.Kd2 Rh6 47.Kd3 Rh7 48.Kd4 Rh8 49.Kc5 Rg8 
50.Bf1 Rh8 51.Bd3 Rh3 52.Rg2 Rh1 53.Kd4 Rh5 54.Rc2 Rh3 55.b5 axb5 56.Bxb5 Rh1 
57.Bd3 Ra1 58.Rh2 Rxa5 59.Rh7+ Kc8 60.Re7 c5+ 61.Kc3 Ra3+ 62.Kd2 c4 63.Bc2 c3+ 
64.Kd3 Bd7 65.e6 Ba4 66.Bxa4 Rxa4 67.Rf7 Re4 68.e7 c2 69.Kxc2 Rxe3 70.Rxf5 Kd7 
71.Rxd5+ Kxe7 72.Rd3 Re2+ 73.Kc3 Rf2 74.Kd4 Kf6 75.Ke3 Rg2 76.Ke4 b6 77.Rd6+ Ke7 
78.Rxb6 Rxg3 79.Kf5 Ra3 80.Kxg4 Ra5 81.Rb4 Ra6 82.Kg5 Kf7 83.Rb7+ Kf8 84.f5 Rc6 
85.Rd7 Ra6 1/2-1/2

[Event "2007 Huntingdale Masters"]
[Site "Huntingdale Chess Club"]
[Date "2007.05.25"]
[Round "3"]
[White "Kurniawan, S"]
[Black "Viswanath, G"]
[Result "1-0"]
[WhiteElo "2133"]
[BlackElo "1822"]

1.d4 Nf6 2.Bg5 Ne4 3.Bh4 d5 4.f3 Nd6 5.Nc3 g6 6.e4 dxe4 7.fxe4 Bg7 8.Qf3 Bxd4 
9.O-O-O Nc6 10.Bb5 Be5 11.Bg3 Bxg3 12.Bxc6+ bxc6 13.hxg3 e5 14.Qe3 Bd7 15.Nf3 f6 
16.Nh4 Ke7 17.Qc5 Qb8 18.Qf2 Qb6 19.Qf3 Rab8 20.b3 Qb4 21.Nb1 Be6 22.Rhe1 Nb5 
23.Qe3 Nd4 24.Nf3 c5 25.Nxe5 fxe5 26.Qg5+ Kd6 27.c3 Qb6 28.cxd4 cxd4 29.Nd2 c5 
30.Qf6 Kd7 31.Qxe5 Qa5 32.Kb1 Qc3 33.Qg7+ Kc6 34.Rc1 Qxd2 35.Red1 Qa5 36.Rxd4 Rhe8 
37.e5 Bd5 38.Rxd5 Kxd5 39.Rd1+ Ke4 40.Qh6 Kxe5 41.Qf4+ 1-0

[Event "2007 Huntingdale Masters"]
[Site "Huntingdale Chess Club"]
[Date "2007.05.25"]
[Round "3"]
[White "Boyd, T"]
[Black "Horstmann, M"]
[Result "1/2-1/2"]
[WhiteElo "2242"]
[BlackElo "2192"]

1.d4 d5 2.c4 e6 3.Nc3 Nf6 4.Bg5 Be7 5.e3 h6 6.Bh4 O-O 7.Nf3 b6 8.Bd3 Bb7 
9.O-O dxc4 10.Bxc4 Nbd7 11.Qe2 Ne4 12.Bg3 Bd6 13.Nxe4 Bxe4 14.Rac1 Qe7 
15.Bb5 Rfd8 16.Rfd1 Bxg3 17.hxg3 c5 18.dxc5 Nxc5 19.Nd4 e5 20.b4 exd4 
21.bxc5 d3 22.Bxd3 Bxd3 23.Rxd3 bxc5 24.Rdc3 Rac8 25.Qc2 Rd5 26.e4 Rd4 
27.Rxc5 Rxc5 28.Qxc5 Rxe4 29.Qxe7 Rxe7 30.Kf1 g6 {Draw Agreed} 1/2-1/2

[Event "2007 Huntingdale Masters"]
[Site "Huntingdale Chess Club"]
[Date "2007.05.25"]
[Round "3"]
[White "Donaldson, T"]
[Black "Lakner, J"]
[Result "1-0"]
[WhiteElo "1909"]
[BlackElo "2086"]

1.d4 f5 2.Bg5 g6 3.e4 fxe4 4.Nc3 d5 5.f3 Bg7 6.fxe4 dxe4 7.Nge2 Bf5 8.Qd2 Nc6 
9.d5 Nb4 10.O-O-O c6 11.Nd4 Nxd5 12.Bc4 e3 13.Qe1 Bg4 14.Qf1 e2 15.Ncxe2 Qb6 
16.c3 Qc5 17.Bxd5 cxd5 18.h3 Bd7 19.Qf3 Qd6 20.Nf4 h6 21.Bh4 g5 22.Qh5+ Kd8 
23.Ng6 gxh4 24.Nxh8 Bxh8 25.Rhf1 Bf6 26.Nf5 Bxf5 27.Rxf5 Bg5+ 28.Kb1 Nf6 
29.Qf7 Kc7 30.Re1 Ne4 31.Rxd5 Nd2+ 32.Ka1 Qf6 33.Rc5+ Kd7 34.Qd5+ Ke8 35.Qxb7 Rd8 
36.Qb5+ Rd7 37.Rc8+ Kf7 38.Qxd7 Nb3+ 39.axb3 Qa6+ 40.Qa4 Qxc8 41.Qc4+ Qxc4 
42.bxc4 e6 43.Kb1 Ke7 44.Kc2 Kd6 45.Kd3 a5 46.b4 Bd8 47.Ra1 axb4 48.cxb4 Ke5 
49.Rf1 Be7 50.b5 Bc5 51.Rb1 Bb6 52.c5 Bxc5 53.b6 Bd6 54.b7 Bb8 55.Rc1 1-0

[Event "2007 Huntingdale Masters"]
[Site "Huntingdale Chess Club"]
[Date "2007.05.25"]
[Round "3"]
[White "Fedec, J"]
[Black "Roza, P"]
[Result "0-1"]
[WhiteElo "1847"]
[BlackElo "1894"]

1.e4 e5 2.Nf3 Nc6 3.d4 exd4 4.Nxd4 Nf6 5.Nxc6 bxc6 6.e5 Qe7 7.Qe2 Nd5 8.h4 Qe6 
9.g3 Bc5 10.Nd2 O-O 11.Bh3 Qe7 12.O-O f6 13.Nb3 Bd6 14.e6 c5 15.Re1 dxe6 
16.Bxe6+ Bxe6 17.Qxe6+ Qxe6 18.Rxe6 Nb4 19.c3 Nd3 20.Re3 c4 21.Nd2 Bc5 22.Nxc4 Nxc1 
23.Rxc1 Bxe3 24.Nxe3 Rad8 25.Rc2 f5 26.f4 g6 27.Kf2 Rfe8 28.c4 Kf7 29.Nd5 c6 
30.Nb4 Re6 31.a4 a5 32.Na6 Red6 33.b4 Rd2+ 34.Rxd2 Rxd2+ 35.Ke3 Ra2 36.b5 Rxa4 
37.b6 Ra3+ 38.Kd4 Rb3 39.c5 a4 40.Kc4 Rb5 41.Nb4 a3 42.Nxc6 Rb1 43.Nd4 a2 0-1

[Event "2007 Huntingdale Masters"]
[Site "Huntingdale Chess Club"]
[Date "2007.05.25"]
[Round "3"]
[White "Hare, T"]
[Black "Galvin, R"]
[Result "1-0"]
[WhiteElo "2039"]
[BlackElo "1831"]

1.c4 c6 2.b3 d5 3.Nf3 Nf6 4.Bb2 Bg4 5.e3 e6 6.Be2 Bd6 7.d4 O-O 8.Nbd2 Nbd7 
9.O-O Re8 10.Ne5 Bxe2 11.Qxe2 Rc8 12.Rac1 Qc7 13.Ndf3 Qb8 14.Nd3 c5 15.h3 a6 
16.dxc5 Bxc5 17.Bxf6 gxf6 18.cxd5 exd5 19.Nxc5 Rxc5 20.Rxc5 Nxc5 21.Rc1 Ne6 
22.Qd3 Qd6 23.Rc4 Kh8 24.Rh4 Nf8 25.Rd4 1-0

[Event "2007 Huntingdale Masters"]
[Site "Huntingdale Chess Club"]
[Date "2007.06.01"]
[Round "4"]
[White "Viswanath, G"]
[Black "Galvin, R"]
[Result "1-0"]
[WhiteElo "1822"]
[BlackElo "1831"]

1.Nf3 d5 2.d4 Nf6 3.c4 c6 4.g3 dxc4 5.Bg2 b5 6.Ne5 Bb7 7.a4 Qc8 8.b3 c3 
9.Nxc3 e6 10.axb5 cxb5 11.Bxb7 Qxb7 12.O-O Be7 13.Qd3 a6 14.f3 O-O 15.e4 Rd8 
16.Be3 Nbd7 17.Nxd7 Rxd7 18.Qe2 Rc8 19.Rfc1 Rdc7 20.Qb2 Qb6 21.b4 Rc4 22.Ne2 h6 
23.Bd2 Nd7 24.Bc3 Bf6 25.Kg2 Nb8 26.Nf4 Nc6 27.d5 Bxc3 28.Rxc3 Nxb4 29.Rxc4 Rxc4 
30.Rc1 Qc5 31.Rxc4 bxc4 32.dxe6 c3 33.exf7+ Kh7 34.Qxc3 Qxc3 35.f8Q Qd2+ 
36.Kh3 Qd7+ 37.g4 Nd3 38.Nxd3 Qxd3 39.Qf5+ Kg8 40.Kg3 Qe2 41.e5 Qe1+ 42.Kh3 Qf1+ 
43.Kh4 Qe1+ 44.Kh5 Qd2 45.f4 Qd8 46.Qe6+ Kh7 47.Qg6+ Kg8 48.Qxa6 1-0

[Event "2007 Huntingdale Masters"]
[Site "Huntingdale Chess Club"]
[Date "2007.06.01"]
[Round "4"]
[White "Roza, P"]
[Black "Hare, T"]
[Result "0-1"]
[WhiteElo "1894"]
[BlackElo "2039"]

1.d4 g6 2.e4 Bg7 3.c4 d6 4.Nc3 c6 5.Nf3 Bg4 6.Be2 Nd7 7.Be3 a6 8.h3 Bxf3 
9.Bxf3 b5 10.cxb5 axb5 11.a4 b4 12.Ne2 e6 13.O-O Ne7 14.Qd2 Qa5 15.Nc1 O-O 
16.Nb3 Qb6 17.d5 c5 18.dxe6 fxe6 19.Bg4 d5 20.exd5 Nxd5 21.a5 Qc6 22.Bxc5 Nf4 
23.Bxe6+ Qxe6 24.Bxf8 Rxf8 25.a6 Nb6 26.Qxb4 Qd5 27.f3 Qg5 28.Qd2 Nc4 
29.Ra5 Nxa5 0-1

[Event "2007 Huntingdale Masters"]
[Site "Huntingdale Chess Club"]
[Date "2007.06.01"]
[Round "4"]
[White "Horstmann, M"]
[Black "Fedec, J"]
[Result "1-0"]
[WhiteElo "2192"]
[BlackElo "1847"]

1.Nf3 Nf6 2.g3 g6 3.b4 Bg7 4.Bb2 O-O 5.Bg2 d6 6.O-O e5 7.c4 Nbd7 8.d3 Qe7 
9.Nc3 c6 10.Nd2 Nh5 11.b5 c5 12.Nd5 Qd8 13.a4 f5 14.e3 Ndf6 15.f4 exf4 
16.exf4 Be6 17.Nxf6+ Bxf6 18.Bxf6 Qxf6 19.Bxb7 Rab8 20.Qf3 Qd4+ 21.Kg2 Nf6 
22.Rae1 Bf7 23.Bc6 d5 24.cxd5 Bxd5 25.Bxd5+ Nxd5 26.Nc4 Nb4 27.Ne5 Rbd8 
28.Rc1 Rd5 29.Rc4 Qb2+ 30.Rf2 Qb3 31.d4 Qxf3+ 32.Nxf3 cxd4 33.Rxb4 1-0

[Event "2007 Huntingdale Masters"]
[Site "Huntingdale Chess Club"]
[Date "2007.06.01"]
[Round "4"]
[White "Lakner. J"]
[Black "Boyd, T"]
[Result "0-1"]
[WhiteElo "2086"]
[BlackElo "2242"]

1.c4 Nf6 2.Nc3 g6 3.e4 d6 4.d4 Bg7 5.Be2 O-O 6.Nf3 e5 7.O-O Nc6 8.d5 Ne7 
9.Nd2 a5 10.Rb1 Nd7 11.a3 f5 12.f3 Kh8 13.b4 f4 14.Nb3 axb4 15.axb4 h5 
16.c5 g5 17.Nb5 Nf6 18.Nd2 Ne8 19.Nc4 Ng6 20.Bd2 Rg8 21.cxd6 cxd6 22.Be1 Bd7 
23.Nc3 Rc8 24.b5 Bh6 25.Na4 Rxc4 26.Bxc4 g4 27.fxg4 hxg4 28.Rb3 Nf6 29.Qc2 Bg5 
30.Bf2 g3 31.hxg3 Ng4 32.Bb6 Qe7 33.Be2 Qh7 34.Bxg4 Bxg4 35.Bf2 Qh5 36.Nb6 Rg7 
37.Ra1 fxg3 38.Ra8+ Kh7 39.Bxg3 Bd1 40.Qd3 Bxb3 41.Qxb3 Nf4 42.Ra2 Ne2+
43.Rxe2 Qxe2 44.Bf2 Rf7 45.Qh3+ Kg8 46.Qg3 Qd1+ 47.Be1 Qd4+ 48.Bf2 Qd1+ 
49.Be1 Rg7 50.Kf1 Bd2 51.Qh4 Rf7+ 52.Kg1 Be3+ 0-1

[Event "2007 Huntingdale Masters"]
[Site "Huntingdale Chess Club"]
[Date "2007.06.01"]
[Round "4"]
[White "Kurniawan, S"]
[Black "Donaldson, T"]
[Result "1-0"]
[WhiteElo "2133"]
[BlackElo "1909"]

1.e4 c6 2.d4 d5 3.Nc3 g6 4.e5 b6 5.Nf3 Bg4 6.Be2 Bxf3 7.Bxf3 e6 8.Ne2 Bg7 
9.h4 h6 10.Bf4 Ne7 11.Qd2 Qc7 12.g3 Nd7 13.Kf1 Rd8 14.Kg2 a6 15.b3 b5 
16.a4 Qb6 17.axb5 axb5 18.b4 Qb7 19.Nc1 Nc8 20.Nb3 Ncb6 21.Na5 Qc7 22.Ra3 Na4 
23.c3 Ndb6 24.Bd1 Ra8 25.Be2 Kd7 26.Rha1 Ra7 27.Nb3 Qb8 28.Nc5+ Kc7 29.Bd3 Bf8 
30.Qc2 Bxc5 31.bxc5 Nc4 32.R3a2 Qc8 33.Qc1 h5 34.Bc2 Qa8 35.Bg5 Ra5 36.Qf4 Rh7 
37.Qf6 Kb7 38.Qe7+ Ka6 39.Bxa4 bxa4 40.Rxa4 Rh8 41.Qc7 Kb5 42.Rb4+ 1-0

[Event "2007 Huntingdale Masters"]
[Site "Huntingdale Chess Club"]
[Date "2007.06.08"]
[Round "5"]
[White "Boyd, T"]
[Black "Kurniawan, S"]
[Result "0-1"]
[WhiteElo "2242"]
[BlackElo "2133"]

1.e4 e6 2.d4 d5 3.Nd2 c5 4.Ngf3 cxd4 5.exd5 Qxd5 6.Bc4 Qd6 7.O-O Nf6 8.Nb3 Nc6 
9.Nbxd4 Nxd4 10.Nxd4 a6 11.Bd3 Qc7 12.Re1 Bd7 13.Qf3 O-O-O 14.Bf4 Bd6 15.Bxd6 Qxd6 
16.c3 Rhe8 17.Rad1 Qc7 18.Qg3 Qxg3 19.hxg3 e5 20.Nf5 Bxf5 21.Bxf5+ Kc7 
22.Bc2 h6 23.Rxd8 Kxd8 24.Kf1 Re7 25.Ke2 h5 26.Bb3 Ne8 27.Ke3 f5 28.Rd1+ Kc7 
29.a4 g5 30.Rd5 Nf6 31.Rd1 f4+ 32.gxf4 exf4+ 33.Kd3 Ne4 34.Kd4 Nxf2 35.Rf1 Re2 
36.Bf7 h4 37.b4 Rd2+ 38.Ke5 Ng4+ 39.Ke4 Rxg2 0-1

[Event "2007 Huntingdale Masters"]
[Site "Huntingdale Chess Club"]
[Date "2007.06.08"]
[Round "5"]
[White "Fedec, J"]
[Black "Lakner, J"]
[Result "1-0"]
[WhiteElo "1847"]
[BlackElo "2086"]

1.d4 d5 2.c4 e6 3.Nc3 f5 4.e3 Nf6 5.Bd3 c6 6.Nge2 Bd6 7.f3 O-O 8.O-O e5 
9.cxd5 cxd5 10.dxe5 Bxe5 11.Nd4 f4 12.Bb5 a6 13.Qa4 Kh8 14.Nce2 Nh5 15.exf4 Nxf4 
16.Be3 Qg5 17.Nxf4 Bxf4 18.Bxf4 Qxf4 19.Rad1 Ra7 20.Rfe1 b6 21.Nc6 Qxa4 
22.Bxa4 Nxc6 23.Bxc6 Rc7 24.Bxd5 a5 25.Rc1 Ra7 26.Rc6 b5 27.Rb6 b4 28.Rb8 Rc7 
29.Ra8 Rc5 30.Bb3 h5 31.Re7 Rd8 32.Raa7 Rc1+ 33.Kf2 Rd2+ 34.Ke3 Rxg2 35.Rec7 Rxc7 
36.Rxc7 Bf5 37.Kf4 Bb1 38.Rc5 g6 39.h4 a4 40.Bxa4 Bxa2 41.b3 Kg7 42.Rb5 Bb1 
43.Rxb4 Kh6 44.Bd7 Rd2 45.Bc6 Bf5 46.Be4 Be6 47.Rb6 Bf7 48.Rb7 Be8 49.b4 Rh2 
50.Re7 Bc6 51.Kg3 Re2 52.Re6 Bxe4 53.Rxe4 Rb2 54.Rc4 Rb1 55.Kf4 Kg7 56.Kg5 Rg1+ 
57.Kf4 g5+ 58.hxg5 h4 59.Kf5 h3 60.Rh4 Rb1 61.Rxh3 Rxb4 62.f4 Rb5+ 63.Kg4 Rb4 
64.Rh6 Ra4 65.Rd6 Rb4 66.Kf3 Rb1 67.f5 Rf1+ 68.Ke4 Re1+ 69.Kd5 Rd1+ 70.Kc6 Rc1+ 
71.Kd7 Rg1 72.f6+ Kf7 73.Rd5 Rc1 74.Kd8 Rc6 75.Rd7+ Kf8 76.Rh7 Ra6 77.Kc8 Rd6 
78.Kc7 Ra6 79.Re7 Kg8 80.Rd7 Kf8 81.Rd6 Ra1 82.g6 Rc1+ 83.Kb6 Rb1+ 84.Ka5 Ra1+ 
85.Kb4 Rb1+ 86.Kc3 Rc1+ 87.Kb2 Rc8 88.Rd7 Kg8 89.Rh7 1-0

[Event "2007 Huntingdale Masters"]
[Site "Huntingdale Chess Club"]
[Date "2007.06.08"]
[Round "5"]
[White "Hare, T"]
[Black "Horstmann, M"]
[Result "1/2-1/2"]
[WhiteElo "2039"]
[BlackElo "2192"]

1.g3 d5 2.Bg2 c6 3.d3 Nf6 4.Nf3 Bg4 5.Nbd2 e6 6.a3 Nbd7 7.c4 a5 8.b3 Bd6 
9.Bb2 O-O 10.O-O Qe7 11.h3 Bh5 12.Qc2 h6 13.e4 dxe4 14.dxe4 e5 15.Nh4 Bg6 
16.Nxg6 fxg6 17.Nf3 g5 18.Rfd1 Rad8 19.Rd2 Nc5 20.Nh2 Bc7 21.Rad1 Rxd2 
22.Rxd2 Rd8 23.Nf1 Rxd2 24.Nxd2 Ne6 25.Nf3 Nd7 26.Qe2 c5 27.Nh2 Nd4 
28.Qd1 Nf6 29.Bf3 Qd7 30.Bxd4 1/2-1/2

[Event "2007 Huntingdale Masters"]
[Site "Huntingdale Chess Club"]
[Date "2007.06.08"]
[Round "5"]
[White "Galvin, R"]
[Black "Roza, P"]
[Result "1/2-1/2"]
[WhiteElo "1831"]
[BlackElo "1894"]

1.d4 Nf6 2.c4 g6 3.Nc3 d5 4.cxd5 Nxd5 5.e4 Nxc3 6.bxc3 Bg7 7.Be3 c5 8.Qd2 O-O 
9.Nf3 Qa5 10.Rc1 e6 11.Bh6 cxd4 12.Bxg7 Kxg7 13.cxd4 Qxd2+ 14.Kxd2 Nc6 15.Rb1 b6 
16.Bd3 Rd8 17.Ke3 Bb7 18.Rhd1 Rac8 19.Rbc1 Kf8 20.Be2 Ne7 21.Ne5 f6 22.Nd3 Kf7 
23.Nb2 Nc6 24.Bc4 Na5 25.Be2 Ke7 26.Nc4 Nxc4+ 27.Bxc4 Rd7 28.Bd3 Rdc7 29.Rxc7+ Rxc7 
30.Rd2 Kd6 31.Rc2 Rxc2 32.Bxc2 Ba6 33.Bd3 Bxd3 34.Kxd3 b5 35.Kc3 a5 36.a3 g5 
37.g4 h6 1/2-1/2

[Event "2007 Huntingdale Masters"]
[Site "Huntingdale Chess Club"]
[Date "2007.07.26"]
[Round "5"]
[White "Donaldson, T"]
[Black "Viswanath, G"]
[Result "1-0"]
[WhiteElo "1909"]
[BlackElo "1822"]

1.d4 Nf6 2.c4 g6 3.Nc3 Bg7 4.e4 d6 5.f3 Nc6 6.Be3 O-O 7.Bd3 e5 8.d5 Nd4 
9.Nge2 Nd7 10.Bc2 Nxc2+ 11.Qxc2 f5 12.O-O-O Nf6 13.c5 Rf7 14.Rhf1 Bf8 15.cxd6 cxd6 
16.h3 Rc7 17.Kb1 b5 18.Qb3 f4 19.Bf2 Bd7 20.Rc1 a5 21.Qd1 Rb7 22.Ka1 b4 23.Nb1 a4 
24.Qd2 Qa5 25.Be1 Bb5 26.Rh1 Qa6 27.Ng1 Rab8 28.Qd1 Nd7 29.Bxb4 Bc4 30.Ba3 Nc5 
31.h4 Nd3 32.Rc2 Nb4 33.Bxb4 Rxb4 34.Na3 Bd3 35.Rd2 Rxb2 36.Rxb2 Rxb2 37.Kxb2 Qb6+ 
38.Kc1 Qd4 39.Nc2 Qc4 40.Nh3 a3 41.Qd2 Qxa2 42.Qxd3 Qb2+ 43.Kd2 1-0

[Event "2007 Huntingdale Masters"]
[Site "Huntingdale Chess Club"]
[Date "2007.06.15"]
[Round "6"]
[White "Viswananth, G"]
[Black "Roza, P"]
[Result "0-1"]
[WhiteElo "1822"]
[BlackElo "1894"]

1.d4 f5 2.Nf3 d6 3.c4 Nf6 4.Nc3 g6 5.g3 Bg7 6.Bg2 O-O 7.O-O Nc6 8 Qb3 Kh8 
9 Qa3 Ne4 10.Rd1 Bd7 11.b4 a5 12.b5 Nxc3 13.Qxc3 Nb8 14.a4 c5 15.e3 f4 16.exf4 Bg4
17.Be3 Nd7 18.Ra2 Qc7 19.h3 Bf5 20.Rad2 Nf6 21.Nh4 Ne4 22.Bxe4 Bxe4 23.f3 Bf5 
24.g4 Be6 25.Rc2 b6 26.Qd2 Rad8 27.d5 Bc8 28.Ng2 e6 29.Ne1 Qf7 30.Qf2 Bb7 
31.Rcd2 Rde8 32.Nd3 exd5 33.cxd5 Rxe3 0-1

[Event "2007 Huntingdale Masters"]
[Site "Huntingdale Chess Club"]
[Date "2007.06.15"]
[Round "6"]
[White "Horstmann, M"]
[Black "Galvin, R"]
[Result "1-0"]
[WhiteElo "2192"]
[BlackElo "1831"]

1.e4 c6 2.c4 d5 3.exd5 cxd5 4.cxd5 Nf6 5.Bb5+ Nbd7 6.Nc3 a6 7.Bxd7+ Qxd7 8.Qb3 g6 
9.Nge2 Bg7 10.O-O O-O 11.d4 Rd8 12.Nf4 Rb8 13.a4 b6 14.Re1 Qb7 15.h3 h5 
16.Bd2 Bf5 17.Re5 Ne8 18.Rae1 Bf6 19.Nxh5 Bxe5 20.Rxe5 f6 21.Rxf5 gxf5 22.d6+ e6 
23.Qxe6+ Qf7 24.Qxf5 Rb7 25.Ne4 Nxd6 26.Nhxf6+ Kh8 27.Qf4 1-0

[Event "2007 Huntingdale Masters"]
[Site "Huntingdale Chess Club"]
[Date "2007.06.15"]
[Round "6"]
[White "Lakner, J"]
[Black "Hare, T"]
[Result "1-0"]
[WhiteElo "2086"]
[BlackElo "2039"]

1.c4 g6 2.Nc3 Bg7 3.e4 c5 4.g3 Nc6 5.Bg2 d6 6.Nge2 Rb8 7.d3 a6 8.Be3 b5
9.Qd2 Nd4 10.cxb5 axb5 11.Bxd4 cxd4 12.Nd5 e6 13.Nb4 Ne7 14.O-O O-O 15.Rac1 Bb7
16.Rc2 Qb6 17.Rfc1 Rfc8 18.g4 Rc5 19.h4 Rbc8 20.g5 Qa5 21.a3 Qa8 22.Bh3 Rxc2 
23.Rxc2 d5 24.f3 Qb8 25.Kg2 dxe4 26.fxe4 Nf5 27.Rxc8+ Qxc8 28.Bxf5 gxf5 29.Ng3 Be5 
30.Kf2 Qc7 31.Nh5 fxe4 32.dxe4 Bxe4 33.Nd3 Bxd3 34.Qxd3 Qc1 35.Qxb5 Qe3+ 
36.Kg2 Qe4+ 37.Kf2 Qxh4+ 38.Kf1 Qh3+ 39.Kf2 Qf5+ 40.Ke2 d3+ 41.Qxd3 Qg4+ 
42.Qf3 Qxf3+ 43.Kxf3 Bxb2 44.a4 Bc3 45.Nf4 Kg7 46.Ne2 Ba5 47.Nd4 Kg6 48.Nc6 Bc7
49.Kg4 h5+ 50.Kh4 e5 51.Ne7+ Kg7 52.Kxh5 e4 53.Kg4 Kf8 54.Nd5 Bb8 55.Kf5 Kg7 
56.a5 Ba7 57.Kxe4 Kg6 58.Kf4 Bb8+ 59.Kg4 Ba7 60.Ne7+ Kg7 61.Kf5 Bg1 62.a6 1-0

[Event "2007 Huntingdale Masters"]
[Site "Huntingdale Chess Club"]
[Date "2007.06.17"]
[Round "6"]
[White "Kurniawan, Stephanus"]
[Black "Fedec, John"]
[Result "1-0"]
[WhiteElo "2133"]
[BlackElo "1847"]

1.e4 c5 2.Nc3 Nc6 3.g3 g6 4.Bg2 Bg7 5.d3 d6 6.f4 e6 7.Nf3 Rb8 8.Be3 Nd4
9.O-O Ne7 10.Qd2 O-O 11.Nh4 b5 12.Nd1 b4 13.c3 bxc3 14.bxc3 Nb5 15.Rb1 Qc7
16.a4 Na3 17.Rxb8 Qxb8 18.e5 Nd5 19.Qa2 Nb1 20.Bxd5 exd5 21.Qxd5 dxe5 22.fxe5 Qxe5
23.Qxe5 Bxe5 24.Bxc5 Re8 25.d4 Bb8 26.Kf2 g5 27.Ng2 Nd2 28.Re1 Rxe1 29.Nxe1 Ne4+
30.Ke3 Nxc5 31.dxc5 Bd7 32.Nb2 Be5 33.Kd3 Bf5+ 34.Kd2 Be4 35.Ned3 Bc7 36.Ke3 Bb7
37.Nc4 h5 38.Nd6 Bc6 39.Nb5 Bb8 40.Nb4 Ba8 41.c6 a5 42.Nd5 Bd6 43.Nxd6 1-0